000 01613nam0a2200361 4500
001 RU\NLR\bibl\1427044
005 20250615220440.0
021 _aRU
_b2009-65414
_94032
035 _a(nilc)RSL-KNO-004372833
035 _a(NLR Aleph) 001418966
090 _a1330358
_c1330358
100 _a20090731d2008 |||y0rusy50 ca
101 0 _arus
102 _aRU
105 _ay zzzz|||||
200 1 _aМатематическое моделирование и методы расчета на ЭВМ
_eучебное пособие
_fА. В. Бондарев, В. В. Посметьев
_gГОУВПО "Воронежский гос. технический ун-т"
210 _aВоронеж
_cВоронежский гос. технический ун-т
_d2008
215 _a133 с.
_cил.
_d21
313 _aЧисленные методы для мат.моделирования
320 _aБиблиогр.: с. 130
606 1 _aЧисленный анализ
_jУчебные издания для высших учебных заведений
_9925112
_3RU\NLR\auth\6621023
686 _aВ192.1с31я73-1
_2rubbk
686 _aВ192.1я73-1
700 1 _4070
_aБондарев
_bА. В.
_cканд. физ.-мат. наук
_gАлексей Владимирович
_9173037
_3RU\NLR\AUTH\770173088
701 1 _aПосметьев
_bВ. В.
_gВиктор Валерьевич
_4070
801 0 _aRU
_bРКП
_c20090731
_grcr
801 1 _aRU
_bРГБ
_c20090731
801 2 _aRU
_bNLR
_c20091019
_grcr
830 _aАвт. по кн.
942 _cBOOK
980 _aNB
980 _aNBR